Manual del impuesto sobre transmisiones patrimoniales y actos jurídicos documentados / por Antonio Martínez Lafuente
ISBN:
84-7196-040-0
Descripción Física:
365 p. ; 24 cm
MARC
| LEADER | 00000nam a2200000Ia 4500 | ||
|---|---|---|---|
| 001 | 14036 | ||
| 003 | BGR | ||
| 005 | 20260324175331.0 | ||
| 008 | 160829s9999 xx 000 0 cat d | ||
| 020 | |a 84-7196-040-0 | ||
| 080 | |a M-4-89 | ||
| 100 | |a Martínez Lafuente, Antonio |9 27548 | ||
| 245 | |a Manual del impuesto sobre transmisiones patrimoniales y actos jurídicos documentados / por Antonio Martínez Lafuente | ||
| 260 | |a [Madrid] : |b Ministerio de Hacienda, DL 1977 | ||
| 300 | |a 365 p. ; |c 24 cm | ||
| 590 | |a A la part superior de la portada: Escuela de Inspección Financiera | ||
| 650 | |a Impostos sobre transmissió de béns |x Dret i legislació |x Espanya |9 24738 | ||
| 650 | 0 | |a Impostos sobre el patrimoni |x Espanya |9 27507 | |
| 710 | |a Espanya |b Ministerio de Hacienda y Función Pública |9 52515 | ||
| 710 | 1 | |a Escuela de Inspección Financiera (Espanya) |9 70824 | |
| 901 | |a Arxiu | ||
| 942 | |n 1 |2 udc |c MON | ||
| 952 | |0 0 |1 0 |4 0 |6 M489 |7 1 |9 44438 |a Arxiu |b Arxiu |d 2016-12-01 |l 0 |o M-4-89 |p 14036 |r 2016-12-01 00:00:00 |w 2016-12-01 |y ARXIU | ||
| 999 | |c 47019 |d 47019 | ||